Wilno - quiz wielokrotnego wyboru - Statystyki

Ogólne statystyki
  • Ten quiz został rozwiązany 457 razy
    452 od ostatniego zresetowania
  • Średni wynik to 5 z 10
Statystyki odpowiedzi
Zagadnienie Odpowiedź % Poprawnych
Przed II wojną światową, Wilno miało jedno z największych skupisk jakiej społeczności w Europie? Żydowskiej
76%
Jak nazywa się zabytkowy zespół cmentarny w Wilnie? Cmentarz Na Rossie
69%
Jak nazywał się polski klub piłkarski z siedzibą w Wilnie, który został rozwiązany w 2014 roku? Polonia Wilno
65%
Jak nazywa się rzeka przepływająca przez Wilno, będąca dopływem Niemna? Wilia
62%
W którym wieku powstał Uniwersytet Wileński? XVI w.
61%
Co wyróżnia system komunikacji miejskiej w Wilnie? Brak tramwajów i metra
60%
Jak się nazywa wileński zespół muzyczny, który reprezentował Litwę w 2025 na Konkursie Piosenki Eurowizji Katarsis
46%
Który król założył Uniwersytet Wileński? Stefan Batory
45%
Niektóre dzielnice Wilna mają w sobie imię, która z podanych nie istnieje? Janowo
27%
Który z podanych noblistów urodził się w Wilnie? Andrew Schally
15%
Nie znaleziono quizów pasujących do podanych kryteriów
Rozkład punktacji
Procent ludzi z każdym wynikiem
Percentyl według liczby udzielonych odpowiedzi
Twoja historia wyników
Nie rozwiązałeś tego quizu od ostatniego zresetowania